000 00872nam a2200241Ii 4500
003 JO-AjNU
008 230605s9999||||xx |||||||||||||| ||und||
017 _a2007/2/433
020 _a978-9957-02-276-1
040 _aJO-AjNU
_bara
_erda
_cJO-AjNU
041 _aara
050 1 4 _aLB1025.3.H37 2007
100 3 _aحسنين،حسنين محمد,
_eauthor
_921874
245 0 0 _aأدوات التقويم:الرزمة التدريبية للمعلمين في الوطن العربي15
250 _aط1
264 3 1 _aعمان:دار مجدلاوي للنشر والتوزيع،2007
300 _a189ص
_bمصور
336 _atext
_btxt
_2rdacontent
337 _aunmediated
_bn
_2rdamedia
338 _avolume
_bnc
_2rdacarrier
490 0 _aالرزمة التدريبية للمعلمين في الوطن العربي15
650 4 _aالتدريس-أدلة
_921875
999 _aA7673
_c11241
_d11241